Declaración de Boceguillas : (Record no. 184019)

MARC details
000 -LEADER
campo de control de longitud fija 01270nam a2200277 i 4500
001 - NÚMERO DE CONTROL
campo de control 184019
003 - IDENTIFICADOR DE NÚMERO DE CONTROL
campo de control ES-MaACL
005 - FECHA Y HORA DE LA ÚLTIMA TRANSACCIÓN
campo de control 20231115120139.0
008 - DATOS DE LONGITUD FIJA--INFORMACIÓN GENERAL
campo de control de longitud fija 150223s2012 ag |||| | spa d
020 ## - NÚMERO INTERNACIONAL ESTÁNDAR DEL LIBRO
Número Internacional Estándar del Libro 978-987-584-420-9
080 ## - NÚMERO DE LA CLASIFICACIÓN DECIMAL UNIVERSAL
Número de la Clasificación Decimal Universal 72.025.3(460)
245 00 - MENCIÓN DEL TÍTULO
Título Declaración de Boceguillas :
Resto del título principios para el estudio, la protección y la conservación de la arquitectura tradicional /
Mención de responsabilidad, etc. [edición a cargo de Luis Maldonado Ramos y Fernando Vela Cossío ; traducción al inglés de Isabel Salto-Weis Acevedo ; traducción al francés de Sanaa Niar ; traducción al italiano de Agostino Bossi].
260 ## - PUBLICACIÓN, DISTRIBUCIÓN, ETC.
Lugar de publicación, distribución, etc. [Buenos Aires] :
Nombre del editor, distribuidor, etc. Nobuko,
Fecha de publicación, distribución, etc. 2012.
300 ## - DESCRIPCIÓN FÍSICA
Extensión 109 p. ;
Dimensiones 21 cm.
546 ## - NOTA DE IDIOMA
Nota de lengua/lenguaje Texto en español y traducción al inglés, francés e italiano.
650 #4 - PUNTO DE ACCESO ADICIONAL DE MATERIA--TÉRMINO DE MATERIA
Término de materia o nombre geográfico como elemento de entrada Arquitectura popular-
Subdivisión geográfica España-
Subdivisión de forma Preservación.
9 (RLIN) 156408
700 1# - ENTRADA AGREGADA--NOMBRE PERSONAL
Nombre de persona Maldonado Ramos, Luis.
9 (RLIN) 75736
700 1# - ENTRADA AGREGADA--NOMBRE PERSONAL
Nombre de persona Vela Cossío, Fernando.
9 (RLIN) 113683
700 1# - ENTRADA AGREGADA--NOMBRE PERSONAL
Nombre de persona Salto-Weis Azevedo, Isabel.
9 (RLIN) 156409
700 1# - ENTRADA AGREGADA--NOMBRE PERSONAL
Nombre de persona Niar, Sanaa.
9 (RLIN) 156410
700 1# - ENTRADA AGREGADA--NOMBRE PERSONAL
Nombre de persona Bossi, Agostino.
9 (RLIN) 156411
852 ## - LOCALIZACIÓN
Ubicación ES-MaACL
Número de control de estantería A-13394
itemnumber 190985
Sublocalización o colección R.150172
Ubicación en estantería Depósito 1
Signatura antigua Olim: N-6394
Donativo/Legado Donación: Fernando Vela
903 ## - NOMBRE PERSONAL DE DONANTE
9 113683
a Vela Cossío, Fernando
e Donante
942 ## - ELEMENTOS DE ENTRADA SECUNDARIOS (KOHA)
Fuente del sistema de clasificación o colocación Clasificación decimal universal
Tipo de ítem Koha Libro impreso
Holdings
Estatus retirado Estado de pérdida Fuente del sistema de clasificación o colocación Estado de daño No para préstamo Biblioteca de origen Biblioteca actual Ubicación en estantería Fecha de adquisición Fuente de adquisición Total de préstamos Signatura topográfica completa Código de barras Visto por última vez Precio de reemplazo Tipo de ítem Koha
    Clasificación decimal universal     Biblioteca del Ateneo de Madrid Biblioteca del Ateneo de Madrid Depósito 1 23/02/2015 Donación   A-13394 1193506 23/02/2023 23/02/2023 Libro impreso